| 000 | 00648nam a22002177a 4500 | ||
|---|---|---|---|
| 003 | OSt | ||
| 005 | 20220531084007.0 | ||
| 007 | ta | ||
| 008 | 201125e2007 dr a|||cr|||| 00| ddspa d | ||
| 020 | _a9789993422969 | ||
| 040 |
_aDO-SdBNP _bspa _cBNPHU |
||
| 041 | _hspa | ||
| 082 |
_axxx _bM671G |
||
| 100 |
_aGoede , Johanna . _d1955- _951482 |
||
| 245 |
_aLas maripositas Mirabal / _cLeón , René , ilustraciones . |
||
| 260 |
_aPuerto Plata : _bNuevo Diario , _c2007 |
||
| 300 |
_a31 pag. _bil. a color ; _c20 cm |
||
| 500 | _aIncluye datos biográficos del la autora | ||
| 700 |
_aLeón , René , _d1948 _eilustraciones . _976230 |
||
| 942 |
_2ddc _cLF2 |
||
| 999 |
_c49207 _d49207 |
||